000 01091cam a2200217 4500
001 X121623
008 030313n2003 000 0 eng u
035 _a(Sirsi) u121623
100 _aCampbell, G.
245 _aDuplication from obfuscation
260 _c2003
490 _aEstates Gazette
_v(0309) 1 March 2003, 187(1)
520 _aLooks at government proposals to abolish twin tracking or duplicate planning applications. Clause 41 of the Planning and Compulsory Purchase Bill enables councils to decline overlapping applications in situations where the development and the land referred to are the same or mostly the same as those contained in a previously submitted application. Argues that twin tracking was a reaction to a complex, slow and inefficient planning system and that if government tackled these issues the need to twin track would not arise.
650 _aTWIN TRACKING
650 _aPLANNING SYSTEM
650 _aPLANNING AND COMPULSORY PURCHASE ACT 2004
650 _aPLANNING REFORM
650 _aPLANNING APPLICATIONS
690 _aPLANNING
942 _n0
999 _c72305
_d72305